Statistics for Top Artichoke Producing Countries

Click here to take the quiz!

General Stats

  • This quiz has been taken 30 times
  • The average score is 12 of 15

Answer Stats

Artichokes
(metric tons)
Country% Correct
38,030France
97%
15,130Greece
97%
378,820Italy
97%
199,940Spain
93%
44,774Morocco
90%
39,071Turkey
90%
45,722United States
90%
92,907China
86%
296,899Egypt
86%
119,636Algeria
83%
19,451Iran
83%
28,000Tunisia
79%
111,853Argentina
59%
10,926Chile
59%
131,882Peru
55%

Score Distribution

Percentile by Number Answered

Percent of People with Each Score

Your Score History

You have not taken this quiz